Asian American Cities - Statistics

General Stats
  • This quiz has been taken 61 times
  • The average score is 9 of 10
Answer Stats
State City % Correct
Hawaii Honolulu
100%
California Los Angeles
100%
New York New York City
100%
Pennsylvania Philadelphia
100%
California San Francisco
100%
Illinois Chicago
98%
Texas Houston
98%
California San Diego
96%
California San Jose
94%
California Fremont
35%
No matching quizzes found
Score Distribution
Percent of People with Each Score
Percentile by Number Answered
Your Score History
You have not taken this quiz